01633nam a2200385 a 4500001001000000003000500010005001700015008004100032010001100073011001100084040000900095090001000104100003400114245014800148260004100296500006000337502009300397590004000490590004000530590004000570590004000610590004000650650003800690650003900728650003400767650002900801650002900830856007000859901000700929942001000936942000600946999001900952952014000971952013601111000111748CHAP20220329144227.0150724s2015 mx a fsm |||||||spa d a108209 a109181 cCHAP aTesis1 aMora Román, Marisol912970310aDiagnóstico molecular de Salmonella y Escherichia coli en campos y empaques de frutillas y horalizash[En línea]cpor Marisol Mora Román. aChapingo, Méx. :bEl autor,c2015. aPara ver el contenido del material haga clic en la liga aTesis (M.C. en Protección Vegetal) -- UACH. Departamento de Parasitología Agrícola aE5995AHEb05c20150724lUCH01h0939 aE5995AHEb05c20150724lUCH01h0949 aE5995AHEb05c20150724lUCH01h0959 aE5995AHEb05c20150724lUCH01h0959 aE5995AHEb05c20150724lUCH01h122614aAlimentosxBacteriología.9417114aBacteriasxIdentificación.9932014aInocuidad alimentaria.95883614aSalud pública.910181314aSanidad vegetal.9102224 aFinding aiduhttp://10.13.5.2/tesis/sist111748.pdfzTeclea aquí aBK cTESIS n0 c108209d108209 00102local4053708TESISaBCbBCcPA_TESISd2015-07-24fTESISl0oTesisp33724002506652r2019-12-31 00:00:00tc.2w2019-12-31yTESIS 00104054718TESISaBCbBCd2015-07-24fTESISl0oTesisp33724002506694r2019-12-31 00:00:00w2019-12-31yTESISzRecien adquirido